Normal view MARC view

Entry Personal Name

Number of records used in: 1

001 - CONTROL NUMBER

  • control field: 9987

003 - CONTROL NUMBER IDENTIFIER

  • control field: DLC

005 - DATE AND TIME OF LATEST TRANSACTION

  • control field: 20231204112627.0

008 - FIXED-LENGTH DATA ELEMENTS

  • fixed length control field: 080219n| azannaabn |n aaa

010 ## - LIBRARY OF CONGRESS CONTROL NUMBER

  • LC control number: n 2008011709

035 ## - SYSTEM CONTROL NUMBER

  • System control number: (OCoLC)oca07663830

040 ## - CATALOGING SOURCE

  • Original cataloging agency: DLC
  • Language of cataloging: eng
  • Description conventions: rda
  • Transcribing agency: DLC
  • Modifying agency: UPB

046 ## - SPECIAL CODED DATES

  • Birth date: 1969-12-24
  • Source of date scheme: edtf

100 1# - HEADING--PERSONAL NAME

  • Personal name: Novetzke, Christian Lee,
  • Dates associated with a name: 1969-

373 ## - ASSOCIATED GROUP

  • Associated group: University of Washington
  • Source of term: naf

374 ## - OCCUPATION

  • Occupation: College teachers
  • Source of term: lcsh

375 ## - GENDER

  • Gender: male

377 ## - ASSOCIATED LANGUAGE

  • Language code: eng

670 ## - SOURCE DATA FOUND

  • Source citation: Novetzke, Christian Lee. Religion and public memory, 2008:
  • Information found: ECIP t.p. (Christian Lee Novetzke) data view (b. Dec. 24, 1969)

670 ## - SOURCE DATA FOUND

  • Source citation: Amar Akbar Anthony, 2016:
  • Information found: title page (Christian Lee Novetzke) jacket (Christian Lee Novetzke is Associate Professor of International Studies at the University of Washington)

Powered by Koha